-
Archivo General de la Nación (AGN)
Entrada Nombre corporativo
Número de registros utilizados en: 5
001 - NÚMERO DE CONTROL
003 - IDENTIFICADOR DEL NÚMERO DE CONTROL
- campo de control:
DR-UNIBE
005 - FECHA Y HORA DE LA ÚLTIMA TRANSACCIÓN
- campo de control:
20250416112109.0
008 - DATOS DE LONGITUD FIJA
- campo de control de longitud fija:
250416|| aca||aabn | a|a d
040 ## - FUENTE DE LA CATALOGACIÓN
- Centro catalogador/agencia de origen:
DR-UNIBE
- Centro/agencia transcriptor:
DR-UNIBE
110 ## - ENCABEZAMIENTO-NOMBRE DE ENTIDAD CORPORATIVA
- Nombre de entidad corporativa o nombre de jurisdicción como elemento de entrada:
Archivo General de la Nación (AGN)
- Unidad subordinada:
Área de publicaciones
670 ## - FUENTE DE DATOS ENCONTRADOS
- Cita de la fuente:
Work cat.: (DR-UNIBE)108367: Quevedo Márquez, Emelin, 1997- 146925, La mancha del ingenioso Hildalgo Don Juan de Villoria /, 2021